000 00272nam a2200121Ia 4500
008 230511s1967 xx 000 0 und d
041 _aeng
082 _a340
100 _aSwami Chinnanand
245 _aDiscourses on Katho Panishad
260 _c1967
906 _aLaw
999 _c353846
_d353846